[Event "FIDE-Wch k.o."]
[Site "New Delhi/Teheran"]
[Date "2000.11.27"]
[Round "1.1"]
[White "Kharlov, Andrei"]
[Black "Hansen, Sune Berg"]
[Result "1/2-1/2"]
[WhiteElo "2627"]
[BlackElo "2545"]
[Annotator "Bangiev"]
[PlyCount "114"]
[EventDate "2000.11.27"]
[EventType "k.o."]
[EventRounds "7"]
[EventCountry "IND"]
[SourceTitle "CBM 080"]
[Source "ChessBase"]
[SourceDate "2001.01.25"]
[SourceVersion "1"]
[SourceVersionDate "2001.01.25"]
[SourceQuality "1"]

1. c4 Nf6 2. Nc3 c5 3. Nf3 e6 4. e3 a6 5. d4 d5 6. cxd5 exd5 7. Be2 Nc6 8. O-O
Bd6 9. dxc5 Bxc5 10. b3 O-O 11. Bb2 Ba7 12. Rc1 Be6 (12... Bg4 13. Nd4 Bxd4 14.
Bxg4 Be5 15. Bf3 Qd6 16. g3 Rad8 17. Bg2 Rfe8 18. Re1 h5 19. Qd2 h4 20. f4 Bxc3
21. Qxc3 hxg3 22. hxg3 Qe6 $132 {1/2-1/2 Jussupow,A-Topalov,V/Frankfurt 2000 
(43)}) 13. Na4 Ne4 $1 {Dies stellt ein typisches Manöver in derartigen
Stellungen dar. Schwarz nutzt damit die erste Möglichkeit, das Feld e4 zu
erobern.} 14. Nd4 (14. Bxa6 Bxe3 (14... Nb4 15. Bxb7 Rb8 16. a3 $16) (14...
bxa6 15. Rxc6 $16) 15. Bxb7 (15. fxe3 $6 Rxa6) 15... Bxc1 16. Bxc1 Rxa4 17.
bxa4 Qc7 18. Bxc6 (18. Ba6 Nb4 $36) 18... Qxc6 19. Nd4 Qc4 20. Be3 Ra8 $132)
14... Qd6 15. Re1 (15. Nxe6 fxe6 $5) 15... Rfe8 16. Bd3 (16. Nxe6 Rxe6 $5)
16... Bd7 (16... Rac8 17. Nxc6 (17. Nxe6 Qxe6) 17... Rxc6 18. Rxc6 Qxc6 19. Qh5
h6 (19... b5 $6 20. Bxe4 dxe4 21. Qg5 $16) 20. Rc1 Qd6 $11) 17. Nxc6 (17. Qh5
Ne5 $132) 17... Bxc6 {Schwarz strebt danach, die Felder auf der Diagonale
h1-a8 zu sichern.} 18. Qg4 (18. Bxe4 Rxe4 19. Nc3 Rh4 20. g3 d4 $1) 18... Qh6
19. Qf5 (19. Rc2 Nxf2 $5 20. Rxf2 Bxe3 21. Rxe3 Rxe3 22. Be2 Bb5) 19... Rad8 (
19... Nxf2 $5 {Ein typischer Angriffsplan des Nachziehenden in der
Tarrasch-Verteidigung ist in der Regel gegen die weissen Bauern e3, f2, g2, h2
gerichtet. Durch das Springeropfer auf f2 versucht man den weissen König ins
Spiel hineinzuziehen.} 20. Qxh7+ (20. Kxf2 Bxe3+ 21. Kg3 (21. Kf1 Qxh2 22. Rxe3
Rxe3 $17) 21... Bg5 $1) 20... Qxh7 21. Bxh7+ Kxh7 22. Kxf2 Bxa4 23. bxa4 Re4
24. Rc7 Rae8 25. Rxf7 Bxe3+ 26. Kf1 d4 $36) 20. Bxe4 $1 {Damit ist eine
wichtige Angriffsfigur des Nachziehenden entfernt.} (20. Rc2 Bb8 (20... Nxf2 $2
21. Rxf2) 21. h3 Bd7 22. Qf3 Ng5 23. Qd1 Bxh3 $1 $40) 20... Rxe4 $5 (20... dxe4
21. Red1 $11) 21. Nc5 Rh4 22. h3 $1 {Ohne den weissfeldrigen Läufer sollen die
Bauern die weissen Felder verteidigen.} (22. Be5 $2 Rh5 23. Qf4 Rxe5 $1 24.
Qxe5 Bb8 $19) 22... Rh5 23. Qf4 {Der Anziehende hat völlig die Initiative
ergriffen.} Qg6 (23... Qxf4 24. exf4 d4 25. Bxd4 Rxd4 26. Nxb7 $1 $16) 24. Qc7
Re8 25. Nxb7 Bb5 26. Qd6 f6 27. Nd8 $2 (27. Rc8 $1 Rg5 28. Qe6+ Kh8 29. Nd6
Rxg2+ 30. Kh1 $18) 27... Bd3 $1 28. Kh2 (28. Qd7 Be4 $36) 28... Be4 29. f3 {
[%tqu "De","Die schwarzen Figuren am Königsflügel sind die Angriffspositionen
hingezogen. Wie kan man dies ausnutzen?","Beachten Sie den mangelhaft
gedeckten Springer auf d8.","","e4f3","Dies sollte den Bauern h3 shwächen, den
nur die weisse Dame schützen kann.",10]} Bxf3 $1 {[%mdl 64]} 30. gxf3 Qf5 31.
Qg3 Rxd8 32. f4 Bb8 $36 33. Qf3 Rh4 34. Kg2 g5 35. Qg3 Rh6 36. Qg4 Qxg4+ 37.
hxg4 gxf4 38. exf4 Bxf4 39. Rc6 Rh2+ 40. Kf3 Bg5 (40... Rxb2 41. Kxf4 Rxa2 42.
Rc7 Rb8 43. Ree7 Rb4+ 44. Kf5 Rf2+ 45. Ke6 Re2+ 46. Kxd5 Rxe7 47. Rxe7 Rxb3 48.
Ke4 $132) 41. Re2 Rxe2 42. Kxe2 Re8+ 43. Kd1 Kf7 44. Rxa6 Re4 45. Ra4 Rxa4 46.
bxa4 Ke6 47. Bd4 Bf4 48. a5 h6 $1 49. Kc2 (49. a6 Bb8 50. a7 Bxa7 51. Bxa7 f5
52. gxf5+ Kxf5 53. a4 Ke6 54. a5 Kd7 55. a6 Kc7 $11) 49... f5 50. a6 Bb8 51.
gxf5+ Kxf5 52. Kb3 Ke6 53. Ka4 Kd6 54. Kb5 Kc7 55. Bb6+ Kc8 56. Kc6 Ba7 57.
Bxa7 d4 1/2-1/2

[Event "FIDE-Wch k.o."]
[Site "New Delhi/Teheran"]
[Date "2000.11.28"]
[Round "1.2"]
[White "Hansen, Sune Berg"]
[Black "Kharlov, Andrei"]
[Result "0-1"]
[WhiteElo "2545"]
[BlackElo "2627"]
[Annotator "Wedberg"]
[PlyCount "80"]
[EventDate "2000.11.27"]
[EventType "k.o."]
[EventRounds "7"]
[EventCountry "IND"]
[SourceTitle "CBM 080"]
[Source "ChessBase"]
[SourceDate "2001.01.25"]
[SourceVersion "1"]
[SourceVersionDate "2001.01.25"]
[SourceQuality "1"]

1. e4 e5 2. Nf3 Nc6 3. Bb5 Nf6 4. O-O Nxe4 5. d4 Nd6 6. Bxc6 dxc6 7. dxe5 Nf5
8. Qxd8+ Kxd8 9. Nc3 h6 10. Ne2 (10. h3) ({and} 10. Rd1+ {are the main
alternatives.}) 10... a5 $5 {This move is played more and more in the Berlin
defence. The main idea is to wait with the B:s on c8 and f8 to see what White
is going to do. But a5 is not just a pass. It can easily give Black active
play with a4 if White plays b3.} 11. h3 (11. a4 {Stopping the a-P is the
normal reaction.} Bc5 12. b3 Be6 13. Bb2 Kc8 14. Rfd1 (14. h3 $142) 14... b6
15. h3 Kb7 16. Nf4 Rad8 17. Nxe6 fxe6 18. Kf1 g5 $11 {1/2-1/2 Lau,R-Hjartarson,
J/Munich 1988/CBM 07 (27)}) 11... Bd7 {Kharlov plays the fashionable idea of
moving the K to the Q-side.} 12. Nf4 c5 13. Rd1 Kc8 14. c4 (14. a4 $142) 14...
a4 $1 15. Nd5 Be6 16. Bf4 b6 17. Rd2 Ne7 18. g4 $6 Nc6 19. Bg3 Kb7 20. Rc1 h5
21. Ne3 hxg4 22. hxg4 Be7 23. Nh2 $2 {The plan is clear: f4-f5. Still it´s a
terrible move inviting the N to d4. But the position was difficult to play for
White anyway.} Nd4 $1 $17 24. Kg2 Rad8 25. Rcd1 Bd7 26. f4 Bc6+ 27. Kf2 Rh3 $40
{Black gets everything he wants.} 28. Nd5 Bxd5 29. cxd5 Bh4 $1 30. Nf1 (30.
Bxh4 $142 Rxh2+ 31. Kg3 Rxd2 32. Rxd2 Rxd5 $17) 30... Bxg3+ 31. Nxg3 Rxd5 32.
Kg2 Rh4 33. Ne2 g5 $1 $19 (33... Rxg4+ 34. Kh3 Rh4+ 35. Kxh4 Nf3+ 36. Kg4 Rxd2
37. Rxd2 Nxd2 $19) 34. fxg5 Rxg4+ 35. Kh3 Rxg5 36. Nxd4 cxd4 37. Rxd4 Rxd4 38.
Rxd4 a3 39. bxa3 Rxe5 40. a4 Re3+ 0-1

[Event "FIDE-Wch k.o."]
[Site "New Delhi/Teheran"]
[Date "2000.12.01"]
[Round "2.2"]
[White "Topalov, Veselin"]
[Black "Kharlov, Andrei"]
[Result "1-0"]
[WhiteElo "2707"]
[BlackElo "2627"]
[Annotator "Huzman"]
[PlyCount "81"]
[EventDate "2000.11.27"]
[EventType "k.o."]
[EventRounds "7"]
[EventCountry "IND"]
[SourceTitle "CBM 081"]
[Source "ChessBase"]
[SourceDate "2001.03.20"]
[SourceVersion "1"]
[SourceVersionDate "2001.03.20"]
[SourceQuality "1"]

1. d4 d5 2. Nf3 e6 (2... Nf6 3. c4 e6 4. Nc3 Be7 5. e3 O-O 6. Bd3 c6 7. O-O
dxc4 8. Bxc4 c5 9. Qe2 cxd4 10. Rd1 Nc6 11. Nxd4 Nxd4 12. exd4 Nd5 13. Qf3 Nxc3
14. bxc3 Qc7 15. Bd3 Bd7 16. c4 Ba4 17. Re1 Rfd8 18. d5 exd5 19. cxd5 Bf6 20.
Qf5 Kf8 21. Ba3+ {1-0 Coret,J-Benavent,V/Valencia 1991 (21)}) 3. c4 dxc4 4. e3
Nf6 5. Bxc4 c5 6. O-O Nc6 7. Qe2 cxd4 8. Rd1 Be7 9. Nc3 O-O 10. Nxd4 Nxd4 11.
exd4 Qe8 (11... Qa5 12. Bf4 Bb4 (12... Qh5 13. f3 g5 14. Bg3 g4 15. f4 Bd7 16.
Rac1 Bc6 17. Rf1 Rad8 18. f5 Rxd4 19. fxe6 Bc5 20. exf7+ Kg7 21. Kh1 Ne4 22.
Nxe4 Rxe4 23. Qd3 Re3 24. Qf5 Bxg2+ 25. Kxg2 Rxg3+ 26. Kxg3 Bd6+ {0-1 Lujambio,
A-Roman/CADAP zt8 sf corr 1982/Corr 2000 (26)}) 13. Be5 Nd7 14. Rd3 Nxe5 15.
dxe5 Bxc3 16. Rxc3 Bd7 17. Rh3 Bc6 18. Bd3 h6 19. Rg3 Rfd8 20. f4 Qc5+ 21. Kh1
Rd4 22. Qg4 Qf8 $11 {1/2-1/2 Freeman,M-Rocha,A/Lugano 1968/MCD (44)}) (11...
Nd5 12. Qf3 Nxc3 13. bxc3 Qc7 (13... Bd7 14. d5 Ba4 15. Bb3 Bxb3 16. axb3 exd5
17. Rxd5 Qc8 18. c4 Bf6 19. Ra2 Rd8 20. Rad2 Rxd5 21. Rxd5 $14 {1/2-1/2 Cvitan,
O-Raetsky,A/Biel SUI 2000/ (47)}) 14. Bb3 Bd6 15. c4 Bxh2+ (15... Qe7 16. c5
Bc7 17. Ba3 Rb8 18. Rac1 Re8 19. g3 Qg5 20. c6 Qa5 21. Bb2 Qb6 22. d5 exd5 23.
Bd4 Qa5 24. Bxd5 Be6 25. Bxe6 {1-0 Mikhalevski,V-Peng Zhaoqin/Hoogeveen NED
2000/The Week in Chess 310 (25)}) 16. Kh1 Bd6 17. c5 Be7 18. Bf4 Qc6 19. Qxc6
bxc6 20. Ba4 Bd7 21. Rab1 Rfd8 22. Rb7 $16 {1-0 Gelfand,B-Adianto,U/Cap d'Agde
1998/EXT 99 (36)}) 12. Nb5 Qd8 13. Nc3 Qe8 14. Nb5 Qd8 15. Bf4 Bd7 (15... a6 $2
16. Nc7 Ra7 17. d5 $16) 16. Nc7 $1 {[%mdl 4]} Rc8 17. d5 $1 Rxc7 $2 (17... exd5
$8 18. Nxd5 Re8 (18... Nxd5 19. Rxd5 Qe8 20. Re5 Bg4 21. Qe4 $18) 19. Qd3 (19.
Ne3 Qa5 20. Rac1 Ba4 21. b3 Bc6 $11) (19. Nxe7+ Rxe7 (19... Qxe7 20. Qxe7 Rxe7
21. Rac1 Re4 22. Bb3 $14) 20. Qd3 (20. Be3 Ng4 $11) 20... Re4 21. Bb5 $11)
19... Ba4 20. b3 (20. Rd2 Nxd5 21. Bxd5 Bb4 22. Bxf7+ Kxf7 23. Qf5+ Qf6 24.
Qxf6+ gxf6 25. Rd4 Bc5 26. Rxa4 Re2 $15) 20... Bc6 21. Nxe7+ Qxe7 22. Rac1 $14
(22. Bd6 Qe4 23. Qxe4 Nxe4 24. Bb4 $14)) 18. d6 Rc6 19. dxe7 Qxe7 {[%tqu "En",
"Calculate t winning line till the end.","","","c4b5","",10]} 20. Bb5 $1 Rb6
21. Bxd7 Nxd7 22. Qd2 $1 {[%cal Gd1d7,Gf4d6,Gd6f8][%mdl 64]} e5 (22... Nf6 $142
23. Bd6 Qd8 24. Bxf8 Qxd2 25. Rxd2 Kxf8 26. Rc1 Nd5 $16 {was best practical
chance}) 23. Be3 Nc5 24. b4 Ne4 25. Qc2 Rxb4 26. a3 $18 Rd4 27. Bxd4 (27. Re1
$1 f5 28. Bxd4 exd4 29. f3 d3 30. Qc4+ $18) 27... exd4 28. Re1 d3 29. Qc4 (29.
Qxd3 Re8 30. Re2 $18) 29... Nd6 30. Qxd3 Qf6 31. Rad1 Nf5 32. Qd7 g6 33. Qxb7
a6 34. Rc1 Nd4 35. Rc8 Rxc8 36. Qxc8+ Kg7 37. Qc5 Nc6 38. h3 h5 39. Rd1 Ne5 40.
Rd5 Nc6 41. Rd6 1-0

[Event "RUS-Cup"]
[Site "Tula"]
[Date "2001.??.??"]
[Round "1"]
[White "Kharlov, Andrei"]
[Black "Bets, Anatolij"]
[Result "1-0"]
[WhiteElo "2639"]
[BlackElo "2405"]
[PlyCount "83"]
[EventDate "2001.??.??"]
[EventType "swiss"]
[EventRounds "9"]
[EventCountry "RUS"]
[SourceTitle "EXT 2002"]
[Source "ChessBase"]
[SourceDate "2001.11.25"]
[SourceVersion "1"]
[SourceVersionDate "2001.11.25"]
[SourceQuality "1"]

1. d4 d5 2. c4 c6 3. Nf3 e6 4. Qc2 Nf6 5. Bg5 h6 6. Bxf6 Qxf6 7. Nc3 Qd8 8. e4
dxe4 9. Qxe4 Nd7 10. Bd3 Be7 11. O-O-O Qa5 12. Kb1 Bb4 13. Ne2 Nf6 14. Qf4 Be7
15. h4 h5 16. Ng5 Bd7 17. Ng3 Rf8 18. Rhe1 O-O-O 19. Nf5 Bb4 20. Re5 Qc7 21.
Nxg7 Ng4 22. Re4 Bd6 23. Qf3 e5 24. c5 Be7 25. Qe2 Rg8 26. Nxh5 Bxg5 27. Rxg4
Bxg4 28. Qxg4+ Kb8 29. hxg5 Rxd4 30. Be4 Rxg5 31. Qxg5 Rxd1+ 32. Kc2 Rd4 33.
Ng3 a6 34. Bd3 Ka7 35. Ne2 Rd5 36. Nc3 Rd4 37. f3 Qd7 38. Bf5 Qe8 39. a3 Qf8
40. Ne4 Qb8 41. Bh3 Rd5 42. Qe7 1-0

[Event "RUS-Cup"]
[Site "Tula"]
[Date "2001.??.??"]
[Round "2"]
[White "Voitsekhovsky, Stanislav"]
[Black "Kharlov, Andrei"]
[Result "0-1"]
[WhiteElo "2447"]
[BlackElo "2639"]
[PlyCount "66"]
[EventDate "2001.??.??"]
[EventType "swiss"]
[EventRounds "9"]
[EventCountry "RUS"]
[SourceTitle "EXT 2002"]
[Source "ChessBase"]
[SourceDate "2001.11.25"]
[SourceVersion "1"]
[SourceVersionDate "2001.11.25"]
[SourceQuality "1"]

1. e4 c5 2. Nf3 Nc6 3. d4 cxd4 4. Nxd4 Nf6 5. Nc3 d6 6. Bc4 e6 7. Be3 a6 8. Bb3
Qc7 9. f4 Na5 10. f5 Nc4 11. Bxc4 Qxc4 12. Qf3 e5 13. Nb3 b5 14. O-O-O a5 15.
Bg5 b4 16. Nd2 Qc7 17. Nd5 Nxd5 18. exd5 f6 19. Be3 Bb7 20. Ne4 Rc8 21. Rd2 Be7
22. Kb1 a4 23. g4 h6 24. h4 Ba6 25. g5 hxg5 26. hxg5 Kd7 27. Rhd1 Qa5 28. Qg4
b3 29. c3 bxa2+ 30. Ka1 Rc4 31. gxf6 gxf6 32. Nxf6+ Bxf6 33. Qg6 Qd8 0-1

[Event "RUS-Cup"]
[Site "Tula"]
[Date "2001.??.??"]
[Round "3"]
[White "Kharlov, Andrei"]
[Black "Grebenkin, Vladimir"]
[Result "1-0"]
[WhiteElo "2639"]
[BlackElo "2461"]
[PlyCount "109"]
[EventDate "2001.??.??"]
[EventType "swiss"]
[EventRounds "9"]
[EventCountry "RUS"]
[SourceTitle "EXT 2002"]
[Source "ChessBase"]
[SourceDate "2001.11.25"]
[SourceVersion "1"]
[SourceVersionDate "2001.11.25"]
[SourceQuality "1"]

1. d4 Nf6 2. c4 g6 3. Nc3 d5 4. cxd5 Nxd5 5. e4 Nxc3 6. bxc3 Bg7 7. Bc4 c5 8.
Ne2 Nc6 9. Be3 O-O 10. O-O Qc7 11. Rc1 Rd8 12. Qa4 Bd7 13. Qa3 Qa5 14. Qb3 Be8
15. Qxb7 Rab8 16. Qa6 Qxa6 17. Bxa6 cxd4 18. cxd4 Nxd4 19. Rc7 Rb6 20. Bc4 Rc6
21. Rxc6 Nxe2+ 22. Bxe2 Bxc6 23. f3 Bd4 24. Kf2 e5 25. Rc1 Ba4 26. Bxd4 Rxd4
27. Ke3 Rb4 28. Rc5 Bd7 29. Bc4 Kf8 30. g4 Rb2 31. Rxe5 Rc2 32. Bb3 Rxh2 33.
Ra5 h5 34. Rxa7 Be8 35. gxh5 gxh5 36. e5 h4 37. e6 fxe6 38. Bxe6 Rh1 39. Kf4
Rf1 40. Bg4 Bc6 41. Ra6 Bb7 42. Rd6 Ke8 43. Rd3 Rf2 44. a3 Ba6 45. Re3+ Kd8 46.
Kg5 Rh2 47. f4 Rf2 48. Rf3 Rxf3 49. Bxf3 h3 50. Kh4 Bc8 51. Kg3 Kc7 52. Be2 Kc6
53. Bf1 h2 54. Kxh2 Kd5 55. a4 1-0

[Event "RUS-Cup"]
[Site "Tula"]
[Date "2001.??.??"]
[Round "4"]
[White "Kotsur, Pavel"]
[Black "Kharlov, Andrei"]
[Result "1/2-1/2"]
[WhiteElo "2581"]
[BlackElo "2639"]
[PlyCount "23"]
[EventDate "2001.??.??"]
[EventType "swiss"]
[EventRounds "9"]
[EventCountry "RUS"]
[SourceTitle "EXT 2002"]
[Source "ChessBase"]
[SourceDate "2001.11.25"]
[SourceVersion "1"]
[SourceVersionDate "2001.11.25"]
[SourceQuality "1"]

1. e4 c5 2. Nc3 e6 3. Nf3 d6 4. d4 cxd4 5. Nxd4 Nc6 6. Be2 Nf6 7. Be3 Be7 8. f4
O-O 9. O-O e5 10. Nb3 exf4 11. Bxf4 Be6 12. Kh1 1/2-1/2

[Event "RUS-Cup"]
[Site "Tula"]
[Date "2001.??.??"]
[Round "5"]
[White "Kharlov, Andrei"]
[Black "Alekseev, Evgeny"]
[Result "1-0"]
[WhiteElo "2639"]
[BlackElo "2510"]
[PlyCount "105"]
[EventDate "2001.??.??"]
[EventType "swiss"]
[EventRounds "9"]
[EventCountry "RUS"]
[SourceTitle "EXT 2002"]
[Source "ChessBase"]
[SourceDate "2001.11.25"]
[SourceVersion "1"]
[SourceVersionDate "2001.11.25"]
[SourceQuality "1"]

1. d4 Nf6 2. c4 e6 3. Nc3 Bb4 4. e3 c5 5. Nge2 cxd4 6. exd4 d5 7. a3 Be7 8. Nf4
Nc6 9. cxd5 Nxd5 10. Ncxd5 exd5 11. Be2 O-O 12. O-O Bf6 13. Be3 Bf5 14. Rc1 Qd6
15. Nh5 Bd8 16. b4 Bb6 17. Qd2 Rfe8 18. Rfd1 Re7 19. Ng3 Bg6 20. b5 Na5 21. Qb4
Rd8 22. Qxd6 Rxd6 23. Rc8+ Rd8 24. Rxd8+ Bxd8 25. Rc1 Rc7 26. Rc5 Rxc5 27. dxc5
Kf8 28. c6 bxc6 29. Bxa7 cxb5 30. Bxb5 f6 31. Ne2 Be8 32. Bxe8 Kxe8 33. Nf4 Nc4
34. Bc5 d4 35. a4 Nb2 36. Bxd4 Nxa4 37. Ne6 Bb6 38. Bxb6 Nxb6 39. Nxg7+ Kf7 40.
Nf5 Kg6 41. Ne3 Nd7 42. Nc4 Nc5 43. Kf1 Ne6 44. Ke2 Kf5 45. Ke3 Nc7 46. Kf3 Ne6
47. Ne3+ Kg5 48. Ke4 Nc5+ 49. Kd4 Ne6+ 50. Kd5 Nf4+ 51. Ke4 Ne6 52. f4+ Kh5 53.
Kf5 1-0

[Event "RUS-Cup"]
[Site "Tula"]
[Date "2001.??.??"]
[Round "6"]
[White "Pigusov, Evgeny"]
[Black "Kharlov, Andrei"]
[Result "1/2-1/2"]
[WhiteElo "2572"]
[BlackElo "2639"]
[PlyCount "28"]
[EventDate "2001.??.??"]
[EventType "swiss"]
[EventRounds "9"]
[EventCountry "RUS"]
[SourceTitle "EXT 2002"]
[Source "ChessBase"]
[SourceDate "2001.11.25"]
[SourceVersion "1"]
[SourceVersionDate "2001.11.25"]
[SourceQuality "1"]

1. d4 d5 2. c4 dxc4 3. Nf3 Nf6 4. e3 e6 5. Bxc4 a6 6. O-O c5 7. dxc5 Qxd1 8.
Rxd1 Bxc5 9. b3 b6 10. Bb2 Bb7 11. Nbd2 Nbd7 12. Be2 O-O 13. Nc4 Bd5 14. Rac1
Rfc8 1/2-1/2

[Event "RUS-Cup"]
[Site "Tula"]
[Date "2001.??.??"]
[Round "7"]
[White "Kharlov, Andrei"]
[Black "Vorobjov, Evgeny"]
[Result "1-0"]
[WhiteElo "2639"]
[BlackElo "2478"]
[PlyCount "61"]
[EventDate "2001.??.??"]
[EventType "swiss"]
[EventRounds "9"]
[EventCountry "RUS"]
[SourceTitle "EXT 2002"]
[Source "ChessBase"]
[SourceDate "2001.11.25"]
[SourceVersion "1"]
[SourceVersionDate "2001.11.25"]
[SourceQuality "1"]

1. d4 d5 2. c4 dxc4 3. Nf3 e6 4. e3 Nf6 5. Bxc4 c5 6. O-O a6 7. Bb3 Nc6 8. Nc3
cxd4 9. exd4 Be7 10. Re1 O-O 11. Bf4 Na5 12. d5 Nxb3 13. Qxb3 Bd6 14. dxe6 Bxe6
15. Rxe6 Bxf4 16. Rb6 Nd7 17. Rb4 Nc5 18. Qc2 Qd3 19. Qxd3 Nxd3 20. Rd4 Rfd8
21. Nd5 Ne5 22. Rad1 Nxf3+ 23. gxf3 Bg5 24. f4 Bh4 25. f5 Bg5 26. h4 Rxd5 27.
Rxd5 Bxh4 28. Rd7 b5 29. Rc1 h5 30. Rdc7 Kh7 31. Rc8 1-0

[Event "RUS-Cup"]
[Site "Tula"]
[Date "2001.??.??"]
[Round "8"]
[White "Yevseev, Denis"]
[Black "Kharlov, Andrei"]
[Result "1/2-1/2"]
[WhiteElo "2513"]
[BlackElo "2639"]
[PlyCount "24"]
[EventDate "2001.??.??"]
[EventType "swiss"]
[EventRounds "9"]
[EventCountry "RUS"]
[SourceTitle "EXT 2002"]
[Source "ChessBase"]
[SourceDate "2001.11.25"]
[SourceVersion "1"]
[SourceVersionDate "2001.11.25"]
[SourceQuality "1"]

1. d4 d5 2. c4 dxc4 3. Nf3 e6 4. e3 c5 5. Bxc4 a6 6. O-O Nf6 7. Bb3 Nc6 8. Nc3
cxd4 9. exd4 Be7 10. Re1 O-O 11. a3 Na5 12. Bc2 b5 1/2-1/2

[Event "RUS-Cup"]
[Site "Tula"]
[Date "2001.??.??"]
[Round "9"]
[White "Kharlov, Andrei"]
[Black "Chernyshov, Konstantin"]
[Result "1/2-1/2"]
[WhiteElo "2639"]
[BlackElo "2521"]
[PlyCount "83"]
[EventDate "2001.??.??"]
[EventType "swiss"]
[EventRounds "9"]
[EventCountry "RUS"]
[SourceTitle "EXT 2002"]
[Source "ChessBase"]
[SourceDate "2001.11.25"]
[SourceVersion "1"]
[SourceVersionDate "2001.11.25"]
[SourceQuality "1"]

1. d4 Nf6 2. c4 e6 3. Nc3 Bb4 4. Qc2 O-O 5. a3 Bxc3+ 6. Qxc3 b6 7. Bg5 Bb7 8.
f3 h6 9. Bh4 Na6 10. e3 Rc8 11. Nh3 Re8 12. b4 c5 13. dxc5 bxc5 14. b5 Nc7 15.
Bxf6 Qxf6 16. Qxf6 gxf6 17. Nf4 Kf8 18. a4 a5 19. Nd3 d6 20. Nc1 e5 21. Nb3 Ra8
22. O-O-O Ke7 23. Bd3 Rg8 24. Rd2 e4 25. Bxe4 Bxe4 26. fxe4 Rg4 27. b6 Ne8 28.
Nxa5 Kd7 29. Rb2 Rb8 30. g3 Rxe4 31. Kd2 d5 32. Rc1 Nd6 33. cxd5 Rxa4 34. Nb3
Ne4+ 35. Ke2 Kd6 36. Nd2 Kxd5 37. Nxe4 Rxe4 38. Rb5 Rc4 39. Rxc4 Kxc4 40. Rb1
Rb7 41. Kd2 f5 42. Kc2 1/2-1/2

[Event "FRA-chT"]
[Site "France"]
[Date "2001.03.29"]
[Round "4.1"]
[White "Dorfman, Josif"]
[Black "Kharlov, Andrei"]
[Result "1/2-1/2"]
[WhiteElo "2602"]
[BlackElo "2639"]
[PlyCount "55"]
[EventDate "2001.02.02"]
[EventType "team"]
[EventRounds "11"]
[EventCountry "FRA"]
[SourceTitle "EXT 2002"]
[Source "ChessBase"]
[SourceDate "2001.11.25"]
[SourceVersion "1"]
[SourceVersionDate "2001.11.25"]
[SourceQuality "1"]
[WhiteTeam "Echiquier Nicois"]
[BlackTeam "Auxerre"]
[WhiteTeamCountry "FRA"]
[BlackTeamCountry "FRA"]

1. d4 d5 2. c4 dxc4 3. e3 e6 4. Bxc4 c5 5. Nf3 a6 6. Bb3 Nf6 7. O-O Nc6 8. Nc3
cxd4 9. exd4 Be7 10. Re1 O-O 11. Bf4 Na5 12. d5 Nxb3 13. Qxb3 exd5 14. Rad1 Be6
15. Qxb7 Bd6 16. Bg5 Rb8 17. Qxa6 Rxb2 18. Re2 Rxe2 19. Qxe2 Be7 20. Qd3 Qa5
21. Bxf6 Bxf6 22. Nxd5 Qxa2 23. Nxf6+ gxf6 24. h3 Qa5 25. Qd4 Kg7 26. Qe3 Re8
27. Rc1 Rc8 28. Rxc8 1/2-1/2

[Event "FRA-chT"]
[Site "France"]
[Date "2001.03.30"]
[Round "5.2"]
[White "Bacrot, Etienne"]
[Black "Kharlov, Andrei"]
[Result "1/2-1/2"]
[WhiteElo "2618"]
[BlackElo "2639"]
[PlyCount "39"]
[EventDate "2001.02.02"]
[EventType "team"]
[EventRounds "11"]
[EventCountry "FRA"]
[SourceTitle "EXT 2002"]
[Source "ChessBase"]
[SourceDate "2001.11.25"]
[SourceVersion "1"]
[SourceVersionDate "2001.11.25"]
[SourceQuality "1"]
[WhiteTeam "Cannes"]
[BlackTeam "Auxerre"]
[WhiteTeamCountry "FRA"]
[BlackTeamCountry "FRA"]

1. d4 d5 2. Nf3 e6 3. c4 dxc4 4. e4 b5 5. a4 c6 6. axb5 cxb5 7. b3 Bb7 8. bxc4
Bxe4 9. cxb5 Nf6 10. Be2 Nbd7 11. O-O Be7 12. Nc3 Bb7 13. Ne5 Qc7 14. Bf3 Qxc3
15. Bxb7 Qxa1 16. Bxa8 O-O 17. Nc6 Rxa8 18. Nxe7+ Kh8 19. d5 a6 20. dxe6
1/2-1/2

[Event "FRA-chT"]
[Site "France"]
[Date "2001.04.01"]
[Round "7.1"]
[White "Kharlov, Andrei"]
[Black "Mellado Trivino, Juan"]
[Result "1-0"]
[WhiteElo "2639"]
[BlackElo "2460"]
[PlyCount "81"]
[EventDate "2001.02.02"]
[EventType "team"]
[EventRounds "11"]
[EventCountry "FRA"]
[SourceTitle "EXT 2002"]
[Source "ChessBase"]
[SourceDate "2001.11.25"]
[SourceVersion "1"]
[SourceVersionDate "2001.11.25"]
[SourceQuality "1"]
[WhiteTeam "Auxerre"]
[BlackTeam "Orange"]
[WhiteTeamCountry "FRA"]
[BlackTeamCountry "FRA"]

1. c4 c5 2. Nc3 g6 3. Nf3 Bg7 4. g3 Nc6 5. Bg2 Nf6 6. O-O O-O 7. d3 b6 8. Nh4
Bb7 9. f4 d6 10. f5 Qd7 11. Bg5 Ne5 12. Bxb7 Qxb7 13. Qd2 e6 14. e4 Rae8 15.
Rad1 a6 16. a4 Ned7 17. Qg2 Ng4 18. Kh1 Bxc3 19. bxc3 exf5 20. h3 Nge5 21. exf5
Qxg2+ 22. Nxg2 f6 23. Bh6 Rf7 24. Ne3 Nc6 25. Nd5 gxf5 26. Rxf5 Re5 27. Rff1
Ne7 28. Bf4 Rxd5 29. cxd5 Nxd5 30. c4 Nc3 31. Rc1 Nxa4 32. Bxd6 b5 33. cxb5
axb5 34. Rb1 Nc3 35. Rb3 b4 36. d4 Ne4 37. dxc5 Nd2 38. Rfb1 Ne5 39. Rxb4 Nxb1
40. Rxb1 Rd7 41. Bxe5 1-0

[Event "Goodricke op 12th"]
[Site "Kolkata"]
[Date "2001.02.06"]
[Round "1"]
[White "Kharlov, Andrei"]
[Black "Simutowe, Amon"]
[Result "1-0"]
[WhiteElo "2639"]
[BlackElo "2462"]
[PlyCount "122"]
[EventDate "2001.02.06"]
[EventType "swiss"]
[EventRounds "11"]
[EventCountry "IND"]
[SourceTitle "CBM 082"]
[Source "ChessBase"]
[SourceDate "2001.05.17"]
[SourceVersion "1"]
[SourceVersionDate "2001.05.17"]
[SourceQuality "1"]

1. d4 Nf6 2. c4 e6 3. Nc3 d5 4. cxd5 exd5 5. Bg5 Be7 6. e3 O-O 7. Nf3 h6 8. Bh4
c6 9. Qc2 Ne4 10. Bxe7 Qxe7 11. Bd3 Re8 12. O-O Nd7 13. Rae1 Nf8 14. Ne5 f6 15.
Nf3 Kh8 16. Nd2 Nxd2 17. Qxd2 Qd6 18. a3 b6 19. b4 Bd7 20. Rb1 Ne6 21. Rfc1 Rf8
22. Bf5 Be8 23. Qc2 g5 24. Ne2 Ng7 25. Ng3 Nxf5 26. Nxf5 Qe6 27. Ng3 f5 28. Re1
Qf6 29. Qd2 f4 30. exf4 gxf4 31. Nf1 Rg8 32. f3 Bh5 33. Qf2 Rg7 34. g4 fxg3 35.
Nxg3 Bg6 36. Rb2 h5 37. Kh1 h4 38. Ne2 Rf8 39. Ng1 Be4 40. Rb3 h3 41. Qf1 Rxg1+
42. Kxg1 Qg5+ 43. Kh1 Qh4 44. Ree3 Bc2 45. Rbc3 Bf5 46. Rxc6 Qxd4 47. Qc1 Qf4
48. Rec3 Qxc1+ 49. Rxc1 d4 50. Rh6+ Kg7 51. Rd6 d3 52. Kg1 Kf7 53. Rc7+ Ke8 54.
Rg7 Rf7 55. Rxf7 Kxf7 56. Kf2 Ke7 57. Rd4 Ke6 58. Ke3 Ke5 59. b5 Bg6 60. Ra4
Kd5 61. Rxa7 Kc4 1-0